| 000 | 01216nam a2200229Ia 4500 | ||
|---|---|---|---|
| 001 | 16961 | ||
| 003 | GE_BSU | ||
| 008 | 181216s||||||||xx |||||||||||||| ||und|| | ||
| 040 | _cGE_BSU | ||
| 080 | _a821.353.1.09 + 821.353.1-94 | ||
| 100 | _aაგიაშვილი, ნიკა | ||
| 245 | _aჭაბუკები დარჩნენ მარად | ||
| 245 | _bლ. ასათიანის, ალ. საჯაიას, მ. გელოვანის, გ. ნაფეტვარიძის და სხვათა ცხოვრება და შემოქმედება | ||
| 260 | _aთბილისი | ||
| 260 | _bნაკადული | ||
| 260 | _c1971 | ||
| 300 | _a342გვ. : ილ. ; 20სმ | ||
| 653 | _aლ. ასათიანის, ალ. საჯაიას, მ. გელოვანის, გ. ნაფეტვარიძის და სხვათა ცხოვრება და შემოქმედება | ||
| 653 | _aქართული ლიტერატურის ისტორია და კრიტიკა | ||
| 653 | _aჭაბუკები დარჩნენ მარად | ||
| 942 | _cBK | ||
| 999 |
_c50023 _d50023 |
||